| 000 | 00781cam a2200289Ia 4500 | ||
|---|---|---|---|
| 020 | _a9780022774547 | ||
| 040 | _cMIA | ||
| 082 | _aBOO SCI 2000 C260 Or. | ||
| 245 | 0 | 0 | _aMcGraw-Hill science / |
| 246 | 1 | 3 | _aScience |
| 246 | 3 | _aLearn about your world | |
| 246 | 3 | _aLearn about plants | |
| 246 | 3 | _aLearn about animals | |
| 246 | 3 | _aHome called earth | |
| 246 | 3 | _aWeather and seasons | |
| 246 | 3 | _aMake things move | |
| 250 | _aMacmillan/McGraw-Hill ed. | ||
| 260 |
_aNew York : _bMcGraw-Hill School Division, _c[2000?] |
||
| 300 |
_a6 v. : _bcol. ill. ; _c54 cm. |
||
| 500 | _aPaged continuously. | ||
| 500 | _aIncludes indexes. | ||
| 650 | 0 | _aScience | |
| 650 | 0 | _aScience | |
| 700 | 1 | _aMoyer, Richard. | |
| 710 | 2 | _aMcGraw-Hill Companies. | |
| 942 | _cAEDBB | ||
| 999 |
_c22265 _d22265 |
||